000 01164ncm a2200385 a 4500
001 0038314
003 DO-SdBPM
005 20250613114314.0
007 ta
008 910607s2006 cl a spa/
017 _a
_b
020 _a9789702905134
035 _a
040 _aDO-SdBPM
_bspa
_cBPMSU
_e rda
082 4 _a599.55
_bR763m 2003
_222
084 _a
084 _a
100 1 _a Romeu, Emma
_d
245 1 0 _aMi amigo el manatí /
_c Emma Romeu ; ilustraciones Fabricio Vanden Broek
_h
_b
260 0 _a
_bAfaguara
_c2000
264 _aColombia :
_bAltea, Grupo Santillana,
_c2003
300 _avarias paginaciones :
_c 22 cm.
336 _atexto
_btxt
_2rdacontent
337 _asin mediación
_bn
_2rdamedia
338 _avolumen
_bnc
_2rdacarrier
490 0 _aLas aventuras de Gregorio
500 _a
590 _aInventariado, 2025/VM
650 7 _aManatíes
_vLiteratura juvenil.
_2
650 7 _aManatíes
_xHábitos y conducta.
_2
650 7 _aManatíes
_xCuentos infantiles
700 1 _aVanden Broek, Fabricio
_eilustraciones
_d
910 _aVMateo V. Control de calidad. BPMSU
942 _2ddc
_cBK
999 _c15172
_d15172